Introduction to environmental technology /
Guardado en:
| Autor Principal: | |
|---|---|
| Formato: | Libro |
| Idioma: | English |
| Publicado: |
New York :
Wiley,
c1997.
|
| Series: | Preserving the legacy
|
| Materias: | |
| Etiquetas: |
Agregar Etiqueta
Sin Etiquetas, Sea el primero en etiquetar este registro!
|
| LEADER | 00741pam a22002415a 4500 | ||
|---|---|---|---|
| 001 | EIQ.libpla003219 | ||
| 008 | 961017s1997####nyuao#########001#0#eng#d | ||
| 005 | 20071204162048.0 | ||
| 245 | 1 | 0 | |a Introduction to environmental technology / |c Ann Boyce. |
| 260 | |a New York : |b Wiley, |c c1997. | ||
| 300 | |a x, 478 p. : |b il., fotos ; |c 28 cm. | ||
| 440 | 0 | |a Preserving the legacy | |
| 500 | |a Incluye índice. | ||
| 020 | |a 0471287334 | ||
| 100 | 1 | |a Boyce, Ann. | |
| 082 | 0 | 0 | |a 628 |2 21 |
| 650 | 4 | |a Medio ambiente |x Polución. | |
| 650 | 4 | |a Medio ambiente |x Gerencia. | |
| 650 | 4 | |a Environment |x Pollution. | |
| 650 | 0 | |a Environment |x Management. | |
| 010 | |a 96047635 | ||
| 040 | |a DLC |c DLC |d AR-BbSID | ||
| 859 | |a AR-BbSID |b BIB. PLAPIQUI |h 628.5 |i B 692 |p 5134 | ||
